Online Catalogue and eLibrary

The time machine (Record no. 4779)

MARC details
000 -LEADER
fixed length control field 00419nam a2200181Ia 4500
005 - DATE AND TIME OF LATEST TRANSACTION
control field 20240827014631.0
008 - FIXED-LENGTH DATA ELEMENTS--GENERAL INFORMATION
fixed length control field 240331s9999 xx 000 0 und d
020 ## - INTERNATIONAL STANDARD BOOK NUMBER
ISBN 0905712005
082 ## - DDC Classification
Item Number - Author Mark HEI
Class No. 800
100 ## - MAIN ENTRY--PERSONAL NAME
Personal name Henemann,W
245 #4 - TITLE STATEMENT
Title The time machine
260 ## - PUBLICATION, DISTRIBUTION, ETC.
Place of publication, distribution, etc. London
Name of publisher, distributor, etc. William Heinemann Limited
Date of publication, distribution, etc. 1982
300 ## - PHYSICAL DESCRIPTION
Extent (e.g. Volumes, Pages etc.) 828 p .,
650 ## - SUBJECT ADDED ENTRY--TOPICAL TERM
Topical term or geographic name entry element History
650 ## - SUBJECT ADDED ENTRY--TOPICAL TERM
Topical term or geographic name entry element Fiction
650 ## - SUBJECT ADDED ENTRY--TOPICAL TERM
Topical term or geographic name entry element Romance
942 ## - Koha item type (Biblio)
Koha item type Books in Stacks (Lending)
Holdings
Lost status Damaged status Collection code Home library Current library Shelving location Date acquired Full call number Accession Number Item type
    Lending WERC Library WERC Library Social Science Cupboard 03/31/2024 800 HEI 6554 Books in Stacks (Lending)

© WERC Library